| 000 | 00901cam a2200181 4500 | ||
|---|---|---|---|
| 001 | WB3925-04 | ||
| 008 | 030701n2003 000 0 eng u | ||
| 035 | _a(Sirsi) u122840 | ||
| 245 | _aMay retail sales slide | ||
| 260 | _c2003 | ||
| 490 |
_aRetail Week _v27 June 2003, 5(1) |
||
| 520 | _aFigures from the Office for National Statistics (ONS) show that retail sales in May 2003 were down 0.1% from April due to increases in National Insurance contributions and council tax. Retail sales increased by 0.5% in the three months to May and by 3.4% compared with the same period in 2002, the weakest annual growth rate since July 1999. ONS retail sale figures for May 2003 available at www.statistics.gov.uk/pdfdir/rs0603.pdf. | ||
| 590 | _aWB | ||
| 650 | _aPROPERTY-COMMERCIAL PROPERTY-RETAIL PROPERTY-RETAIL PROPERTY MARKET | ||
| 650 | _aRETAIL SALES | ||
| 690 | _aECONOMIC ISSUES | ||
| 942 | _n0 | ||
| 999 |
_c72966 _d72966 |
||